000 00457nam a2200181Ia 4500
003 GCL
008 140319s9999 xx 000 0 eng d
040 _aGCL /
_cGCL
082 0 4 _a652.5416
_bM?W
100 1 _aMANSFIELD, RAN
245 1 0 _aWord 5.1 for the Mac how to book /
_cMANSFIELD, RAN
260 _a[S.N] :
_bSYBEX ،
_c1993
300 _a859
650 0 4 _aCOMPUTER PROGRM
650 0 4 _aWORD PROCESSING
650 0 4 _aMACINTOSH
942 _2ddc
_cBK
999 _c16899
_d16899